1117 1218 1483 1256 1769 1855 1279 1233 1120 1478 1114 1462 1678 1064 1077 1606 1272 1200 1271 1836 1703 1340 1732 1086 1813 1562 1768 1379 1664 1357 1235 1936 1787 1263 1592 1098 1790 1276 1012 1375 1928 1752 1962 1141 1575 1365 1461 1317 1437 1305 1680 1323 1843 1993 1963 1681 1304 1585 1564 1891 1224 1949 1557 1932 1847 1022 1640 1998 1946 1338 1357 1797 1451 1928 1108 1154 1073 1017 1369 1623 1186 1743 1991 1310 1730 1843 1667 1749 1021 1134 1494 1462 1390 1197 1429 1976 1466 1442 1458 BCNSPRNW ULIB Ver.6.0+V

เปลี่ยนเป็นภาษาไทย

Change to English
 แสดงรายละเอียดบรรณานุกรม
  กลับหน้าหลัก

Brief Record : Get Marc (ISO 2709) : E-mail record : QR code < ปิดหน้าต่าง
LEADER : 00000nam 2200000uu 4500
001    13399111653
003     ULIB
008    110704s2551||||th 000 0 tha d
020    9789748487625
090    นว^bฟ724บ 2551
100 0  เฟื่องฝน
245 00 บันทึกวุ่น ๆ คุณหนูพยาบาลจอมจุ้น/^cเฟื่องฝน
260    กรุงเทพฯ:^bอนิศ พับลิชชิ่ง จำกัด,^c2551
300    176 หน้า
945    ^p160^l0^i15013
995    กัณชพร
999 ^a ใช้งานได้ทุกระบบ
รายการนี้ยังไม่มีแท็ก
คุณยังไม่ได้ล็อกอิน คุณสามารถมีกิจกรรมร่วมกับเว็บไซต์ได้ แต่ต้องล็อกอินก่อน ::
  ล็อกอิน

รายการสื่อสารสนเทศ

ลำดับที่ ประเภท เลขเรียก/บาร์โค้ด สถานที่ สถานะ
1. วิทยาศาสตร์การแพทย์ และสุขภาพ
วิทยาศาสตร์การแพทย์ และสุขภาพ
นว ฟ724บ 2551  
  Barcode: 15013
ห้องสมุดวิทยาเขตสวรรค์ประชารักษ์
►นวนิยาย
บนชั้น
  ขอยืม

รายการใกล้เคียง
    ผู้แต่ง [เฟื่องฝน]

BibComment


ยังไม่เคยถูกคอมเมนท์

คอมเมนท์ทรัพยากรรายการนี้
  คอมเมนท์: บันทึกวุ่น ๆ คุณห..


 Copyright 2026. Bcnsprnw @Library